[Event "FRA-ch Blitz Online Qual"]
[Site "Europe Echecs INT"]
[Date "2020.05.16"]
[Round "2"]
[White "Barraud, Mickael"]
[Black "Thibous, Mathis"]
[Result "0-1"]
[WhiteElo "1733"]
[BlackElo "1313"]
[PlyCount "78"]
[EventDate "2020.05.16"]
[EventType "swiss (blitz)"]
[EventRounds "15"]
[EventCountry "FRA"]
[SourceTitle "CBM 196 Extra"]
[Source "ChessBase"]
[SourceDate "2020.07.31"]
[SourceVersion "1"]
[SourceVersionDate "2020.07.31"]
[SourceQuality "1"]

1. e4 c5 2. Nc3 a6 3. g3 b5 4. Bg2 Bb7 5. f4 e6 6. d3 Nf6 7. Nh3 Be7 8. 0-0 d5 9. e5 Nfd7 10. Ne2 Nc6 11. c3 c4 12. d4 a5 13. Be3 Qb6 14. b3 h6 15. bxc4 bxc4 16. Rb1 Qc7 17. Qc2 a4 18. Nf2 a3 19. f5 Nb6 20. fxe6 fxe6 21. Ng4 Kd7 22. Rf7 Na4 23. Rbf1 Rhf8 24. Rxg7 Rxf1+ 25. Bxf1 Nb2 26. Bc1 Nd3 27. Nf4 Nxc1 28. Qxc1 Qb6 29. Ne3 Qb2 30. Ne2 Qxa2 31. Nc2 Qb2 32. Na1 Na5 33. Rf7 Nb3 34. Nxb3 cxb3 35. Rf2 Qxc1 36. Nxc1 b2 37. Rxb2 axb2 38. Ne2 b1Q 39. Kg2 Ra1 0-1

[Event "FRA-ch Blitz Online Qual"]
[Site "Europe Echecs INT"]
[Date "2020.05.16"]
[Round "12"]
[White "Rajaobelina, Hery"]
[Black "Thibous, Mathis"]
[Result "0-1"]
[WhiteElo "1592"]
[BlackElo "1313"]
[PlyCount "112"]
[EventDate "2020.05.16"]
[EventType "swiss (blitz)"]
[EventRounds "15"]
[EventCountry "FRA"]
[SourceTitle "CBM 196 Extra"]
[Source "ChessBase"]
[SourceDate "2020.07.31"]
[SourceVersion "1"]
[SourceVersionDate "2020.07.31"]
[SourceQuality "1"]

1. e4 c5 2. Nf3 a6 3. c4 d6 4. d4 cxd4 5. Nxd4 Nc6 6. Be3 g6 7. Nc3 Bg7 8. Qd2 Nf6 9. f3 Bd7 10. Be2 Rb8 11. Rc1 Nxd4 12. Bxd4 0-0 13. 0-0 b6 14. Kh1 Ne8 15. Bxg7 Nxg7 16. Rfd1 a5 17. Nb5 Bxb5 18. cxb5 Rc8 19. a4 Ne6 20. g3 Rxc1 21. Rxc1 Qd7 22. b4 axb4 23. Qxb4 Rc8 24. Rxc8+ Qxc8 25. Qc4 Qxc4 26. Bxc4 Nc5 27. Kg1 Nxa4 28. Kf2 Nc5 29. Ke3 e6 30. f4 Kf8 31. g4 Ke7 32. f5 f6 33. h4 gxf5 34. gxf5 h6 35. h5 exf5 36. exf5 Nd7 37. Ke4 Ne5 38. Be2 Kd7 39. Kd5 Nf7 40. Bd3 Ng5 41. Be2 Nh3 42. Bf3 Nf4+ 43. Ke4 Nh3 44. Ke3 Ng5 45. Bc6+ Ke7 46. Kf4 Nh3+ 47. Ke4 Ng5+ 48. Kd5 Nf3 49. Ke4 Nd2+ 50. Kd3 Nb3 51. Kc3 Nc5 52. Kc4 Nd7 53. Bxd7 Kxd7 54. Kd5 Kc7 55. Ke6 d5 56. Kxd5 Kd7 0-1